000 00637nam a2200265Ia 4500
005 20260306164341.0
008 008 260114s9999 xx 000 0 eng d
020 _a9780262314633
037 _aEBOOK
040 _aCRL
040 _beng
040 _cCRL
041 _2eng
041 _aeng
084 _qCRL
100 _aCook, Machin, Marie, Mastrobuoni
_91130518
245 0 _aLessons From The Economics Of Crime
260 _bThe MIT Press
260 _c2014
650 _aEconomics & Finance
856 _uhttps://academic.oup.com/book/29415
942 _cEBOOK
999 _c1713743
_d1713743